00398nam a2200145Ia 4500008004100000020001500041041001200056082001600068100002100084245009400105260002500199300000800224650000700232700001300239221030s9999 xx 000 0 und d a0074635913 aEnglish a105.23bEdm aJ. A. Edminister 0aSchaum`s Outline of Theory & Problems of Electric Circuitscby J. A. Edminister, M. Nahvi bTMHaNew Delhic1999 a217 aEE aM. Nahvi